Dos reales ; El puntito curioso /
Gespeichert in:
| 1. Verfasser: | |
|---|---|
| Format: | Buch |
| Sprache: | Spanish |
| Veröffentlicht: |
San José, Costa Rica :
Ediciones Guayacán,
1994.
|
| Schriftenreihe: | Colección mañana
5 |
| Schlagworte: | |
| Tags: |
Tag hinzufügen
Keine Tags, Fügen Sie den ersten Tag hinzu!
|
MARC
| LEADER | 00000nam a2200000 a 4500 | ||
|---|---|---|---|
| 001 | 4445081 | ||
| 005 | 20170512090104.0 | ||
| 008 | 941012s1994 cr 000 1 spa | ||
| 020 | |a 9977931119 | ||
| 040 | |a DLC |c DLC |d CRU CIICLA | ||
| 082 | |a CR863.4 |b D948do | ||
| 100 | 2 | |a Durán Ayanegui, Fernando |d 1939- | |
| 245 | 1 | 0 | |a Dos reales ; El puntito curioso / |c Fernando Durán Ayanegui. |
| 246 | 1 | 3 | |a El puntito curioso |
| 260 | |a San José, Costa Rica : |b Ediciones Guayacán, |c 1994. | ||
| 300 | |a 110 páginas | ||
| 490 | 1 | |a Colección mañana |v 5 | |
| 500 | |a El ejemplar 15441 tiene 94 páginas. | ||
| 650 | 7 | |9 76 |a LITERATURA COSTARRICENSE |v CUENTOS | |
| 942 | |2 ddc |c BK | ||
| 999 | |c 3971 |d 3971 | ||



